| 000 | 00926cam a2200289 i 4500 | ||
|---|---|---|---|
| 008 | |||
| 020 | _a9781107694293 (pbk.) | ||
| 049 | _aMAIN | ||
| 090 |
_aK4610 _bBOS. |
||
| 100 | 1 | _aBossche, Peter van den. | |
| 245 | 1 | 4 |
_aThe law and policy of the World Trade Organization : _btext, cases, and materials / _cPeter van den Bossche, Werner Zdouc. |
| 250 | _a3rd ed. | ||
| 260 |
_aCambridge : _bCambridge University Press, _c2013. |
||
| 300 |
_alvi, 1045 p. : _bill. ; _c25 cm |
||
| 500 | _aIncludes index. | ||
| 504 | _aIncludes bibliographical references. | ||
| 610 | 2 | 0 | _aWorld Trade Organization. |
| 650 | 0 | _aForeign trade regulation. | |
| 650 | 0 |
_aTariff _xLaw and legislation. |
|
| 655 | 7 | _aCasebooks | |
| 700 | 1 | _aZdouc, Werner. | |
| 907 |
_a.b10352776 _b26-09-17 _c03-12-14 |
||
| 003 | |||
| 005 | 20230123122130.0 | ||
| 040 | _cNUST | ||
| 942 |
_cBOOKS _kK4610 _mBOS. |
||
| 999 |
_c128331 _d128331 |
||